000 00875nam a2200229 a 4500
005 20240924070856.0
008 030812s1997 cl r 000 0 spa d
020 _a9586650030
035 _aUPN01000127839
049 _aCG
050 4 _aKF9444
_bM3.28
100 1 _aMacKinnon, Catharine Alice,
_d1946-
_938628
245 1 0 _aDerecho y pornografía /
_cCatharine A. MacKinnon, Richard Posner ; introd. María Mercedes Gómez ; tr. Isabel Cristina Jaramillo.
260 _aSantafé de Bogotá :
_bUniversidad de los Andes :
_aSiglo del hombre,
_c1997.
300 _a159 p.
440 0 _aNuevo pensamiento jurídico
650 4 _aOBSCENIDAD (DERECHO) -
_zESTADOS UNIDOS
_910413
650 4 _aMUJERES -
_xSITUACION LEGAL, LEYES, ETC. -
_zESTADOS UNIDOS
_910412
650 2 _aJurisprudencia sociológica
_96667
700 1 _aPosner, Richard,
_d1939- ,
_ecoaut.
905 _aLibro
999 _c100018
_d100018